| 000 | nam a22 a 4500 | ||
|---|---|---|---|
| 999 |
_c2169 _d2169 |
||
| 003 | AKMAL | ||
| 005 | 20170515145031.0 | ||
| 008 | 170515t2010 nyu e 001 0 eng d | ||
| 020 |
_a9780806531052 (pbk.) : _cRM52.04 |
||
| 040 |
_aAKMAL _cAKMAL |
||
| 082 | 0 | 4 |
_a364.3 PAR _222 |
| 090 | 2 | 0 |
_a364.3 _bPAR |
| 100 | 1 |
_aParadis, Cheryl _94551 |
|
| 245 | 1 | 4 |
_aThe measure of madness : _binside the disturbed and disturbing criminal mind / _cCheryl Paradis ; [foreword by Katherine Ramsland] |
| 260 |
_aNew York : _bCitadel Press, _c2010 |
||
| 300 |
_axiii, 272p. ; _c23cm. |
||
| 504 | _aIncludes bibliographical references (p. 259-264) and index | ||
| 520 | _aParadis draws back the curtain on the fascinating world of forensic psychology and revisits the most notorious and puzzling cases she has handled in her multifaceted career. | ||
| 650 | 1 | 0 |
_aCriminal psychology _94552 |
| 650 | 2 | 0 |
_aViolent crimes _xPsychological aspects _94553 |
| 650 | 2 | 0 |
_aForensic psychology _94554 |
| 650 | 2 | 0 |
_aForensic psychology _vCase studies _94555 |
| 700 | 1 |
_aRamsland, Katherine M., _d1953- _94556 |
|
| 942 |
_2ddc _cBOOK |
||